000
00321nam a22001457a 4500
008
230707b ||||| |||| 00| 0 eng d
020
_a
9781119503705
041
_a
eng
080
_2
17E
_a
330.7
082
_a
330.7KIE
100
_a
23
101
_a
MBE
245
_a
INTERMEDIATE ACCOUNTING
_c
KIESO
942
_2
udc
_c
BK
999
_c
60116
_d
60116